Terrorism : (Record no. 11373)

MARC details
000 -LEADER
fixed length control field 00672cam a22002172 4500
001 - CONTROL NUMBER
control field 0000020573
005 - DATE AND TIME OF LATEST TRANSACTION
control field 20151217154441.0
008 - FIXED-LENGTH DATA ELEMENTS--GENERAL INFORMATION
fixed length control field 110923s xx 000 0 eng d
020 ## - INTERNATIONAL STANDARD BOOK NUMBER
International Standard Book Number 8178299518 :
040 ## - CATALOGING SOURCE
Original cataloging agency KABU
Transcribing agency KABU
245 10 - TITLE STATEMENT
Title Terrorism :
Remainder of title patterns of internationalization /
Statement of responsibility, etc. Jaideep Saikia, Ekaterina Stepanova (eds)
250 ## - EDITION STATEMENT
Edition statement 1st ed.
260 ## - PUBLICATION, DISTRIBUTION, ETC. (IMPRINT)
Place of publication, distribution, etc. London :
Name of publisher, distributor, etc. Sage,
Date of publication, distribution, etc. 2009.
300 ## - PHYSICAL DESCRIPTION
Extent xl, 266 p.
650 #0 - SUBJECT ADDED ENTRY--TOPICAL TERM
Topical term or geographic name as entry element Terrorism
General subdivision Case studies.
-- 0000181062
700 1# - ADDED ENTRY--PERSONAL NAME
Personal name Saikia, Jaideep.
-- 0000181063
700 1# - ADDED ENTRY--PERSONAL NAME
Personal name Stepanova, Ekaterina.
-- 0000181064
852 1# - LOCATION
-- p5425 KES
908 ## - PUT COMMAND PARAMETER (RLIN)
Put command parameter 110923
950 ## - LOCAL HOLDINGS (RLIN)
-- 1
Holdings
Withdrawn status Lost status Source of classification or shelving scheme Not for loan Home library Current library Date acquired Total Checkouts Full call number Barcode Date last seen Date last checked out Price effective from Koha item type
    Library of Congress Classification   Kabarak, Main Campus Kabarak, Main Campus 17/12/2015 3 HV6431 .T47 2009 c.1 19285 15/07/2022 20/06/2022 17/12/2015 General Collection
Designed with assistance from East African Informatics Ltd